Gender Equality and Cultures - Are We There yet?

Problematika rodovej nerovnosti vo svete. Výsledky prieskumov - krajiny podľa indexu rodovej rovnosti. Kultúra a rodová nerovnosť. Jazyk a rod. Dôsledky rodovej nerovnosti.

Salvato in:
Dettagli Bibliografici
Autore principale: Hrivíková, Tatiana, 1959-
Natura: Capitolo di libro
Lingua:inglese
Soggetti:
Tags: Aggiungi Tag
Nessun Tag, puoi essere il primo ad aggiungerne!!

MARC

LEADER 00000nla a2200000 4500
001 0227643
005 20240502083612.5
041 0 |a eng 
044 |a HU 
245 1 0 |a Gender Equality and Cultures - Are We There yet?  |c Tatiana Hrivíková 
520 |a Problematika rodovej nerovnosti vo svete. Výsledky prieskumov - krajiny podľa indexu rodovej rovnosti. Kultúra a rodová nerovnosť. Jazyk a rod. Dôsledky rodovej nerovnosti. 
610 2 0 |a nerovnosť rodová 
610 2 0 |a ženy 
610 2 0 |a muži 
610 2 0 |a kultúra 
610 2 0 |a indexy 
100 1 |a Hrivíková, Tatiana, 1959-